000 00409nam a2200157Ia 4500
008 100122s9999 xx 000 0 und d
082 _b72410
_a824
100 _aकणेकर शिरीष
245 _aमेतकूट
250 _a1
260 _bदिलीप प्रकाशन
_c2007
300 _a260
630 _aमेतकूट
730 _aमेतकूट
942 _cBOOK
999 _c388288
_d388285